| 000 | 00601nam a2200229Ia 4500 | ||
|---|---|---|---|
| 003 | OSt | ||
| 005 | 20250503145447.0 | ||
| 008 | 210331s9999||||xx |||||||||||||| ||und|| | ||
| 020 | _a9780804126014 | ||
| 040 | _cSTCPL | ||
| 041 | _aENG | ||
| 082 |
_a371.26 _bGEO-C |
||
| 100 | _aMartz, Geoff | ||
| 100 | _aRobinson, Adam | ||
| 245 | 0 |
_aCracking the gmat premium / _cby Geoff Martz and Adam Robinson |
|
| 260 |
_aNew York : _bPenguin Random House , _c2015 . |
||
| 300 |
_a757 p. _bPB |
||
| 650 | _aCompetitive examination | ||
| 650 | _aSolved question paper | ||
| 942 | _cBK | ||
| 942 |
_2ddc _n0 |
||
| 999 |
_c71204 _d71204 |
||